| 000 | 00404nam a2200145Ia 4500 | ||
|---|---|---|---|
| 008 | 210210b2001 xxu||||| |||| 00| 0 eng d | ||
| 020 | _a81 7881 029 8 | ||
| 082 | _a658.8 RAJN | ||
| 100 | _aRAJASHEKAR (N). | ||
| 245 | _aNew age marketing. | ||
| 260 |
_aHyderabad. _bInstitute of Chartered Financial Analysis of India., _c2001 |
||
| 300 | _avii,222 | ||
| 690 | _aMarketing Management | ||
| 906 | _a057136 | ||
| 999 |
_c104399 _d104399 |
||